El nuevo artículo 135 de la constitución y su incidencia en la administración local

Gardado en:
Detalles Bibliográficos
Autor Principal: García Romero, Paloma (Author)
Formato: Libro
Idioma:Lingua castelá
Publicado: Madrid Reus S.A. 2017
Series:Colección de Derecho Administrativo
Subjects:
Tags: Engadir etiqueta
Sen Etiquetas, Sexa o primeiro en etiquetar este rexistro!

MARC

LEADER 00000cam a2200000 a 4500
001 UCC9125
003 CL-VaPUC
008 190906e20170000sp |||||||||||||||||spa|d
020 |a 9788429019148 
082 0 4 |a 342.4609  |b GAR  |2 21 
100 0 |a García Romero, Paloma  |e author  |9 604002 
245 1 3 |a El nuevo artículo 135 de la constitución y su incidencia en la administración local 
300 |a 431 p 
942 |c BK 
945 |d 20190906 13:31:00  |a cmena 
260 |a Madrid  |b Reus S.A.  |c 2017 
650 7 |a DERECHO CONSTITUCIONAL ESPAÑOL  |2 CL-VaPUC  |9 435214 
650 0 |a Gobierno local  |9 258648 
650 0 |a Administración pública   |9 255343 
650 0 |a Reforma constitucional  |9 332804 
650 0 |a Municipalidades   |9 255557 
650 7 |a GASTOS PUBLICOS  |2 CL-VaPUC  |9 314611 
583 |a last modification  |c 20190906 13:31:00  |k Rodrigo Vera 
490 0 |a Colección de Derecho Administrativo 
999 |c 375319  |d 375317 
952 |0 0  |1 0  |3 erb  |4 0  |6 342_460900000000000_GAR_2017  |7 0  |8 WP_COW  |9 561267  |a BIBDER  |b BIBDER  |e Fundación W and P Cowley  |i 5598044  |o 342.4609 GAR 2017  |p 5598044  |r 2023-01-25  |w 2020-03-12  |y BK  |z Catalogado en:20190906  |k WPC